Central Library, Doon University
WEBOPAC (ONLINE PUBLIC ACCESS CATALOGUE)

Applied Hydrology (Record no. 60715)

MARC details
000 -LEADER
fixed length control field 00503nam a22001937a 4500
005 - DATE & TIME
control field 20260423160822.0
008 - FIXED-LENGTH DATA ELEMENTS--GENERAL INFORMATION
fixed length control field 260423b |||||||| |||| 00| 0 eng d
020 ## - ISBN
International Standard Book Number 9789352604739
Price 1095.95
040 ## - CATALOGING SOURCE
Original cataloging agency Doon University
041 ## - Language
Language English
082 ## - DDC NUMBER
Classification number 551.48
Book Number LIN
100 ## - MAIN ENTRY--PERSONAL NAME
Personal name Linsley, Ray
245 ## - TITLE STATEMENT
Title Applied Hydrology
260 ## - PUBLICATION, DISTRIBUTION, ETC. (IMPRINT)
Place of publication, distribution, etc Chennai
Name of publisher, distributor, etc McGraw Hill Education
Date of publication, distribution, etc 2017
300 ## - PHYSICAL DESCRIPTION
Pages 689
650 ## - Subject
Subject Environment Science (PM USHA)
700 ## - Added Entry Personal Name
Added Entry Personal Name Kohler, Max
942 ## - ADDED ENTRY ELEMENTS (KOHA)
Koha item type Books
100 ## - MAIN ENTRY--PERSONAL NAME
-- 26724
650 ## - Subject
-- 26725
700 ## - Added Entry Personal Name
-- 26726
952 ## - LOCATION AND ITEM INFORMATION (KOHA)
-- 2026-04-23
952 ## - LOCATION AND ITEM INFORMATION (KOHA)
-- 2026-04-23
952 ## - LOCATION AND ITEM INFORMATION (KOHA)
-- 2026-04-23
Holdings
Withdrawn status Lost status Source of classification or shelving scheme Damaged status Not for loan Location (home branch) Sublocation or collection (holding branch) Date acquired Koha full call number Accession No. Koha date last seen Koha item type Koha issues (times borrowed)
        Not For Loan Doon University Doon University 23.04.2026 551.48 LIN 32860 23.04.2026 Reference  
          Doon University Doon University 23.04.2026 551.48 LIN 32861 23.04.2026 Books  
          Doon University Doon University 23.04.2026 551.48 LIN 32862 23.04.2026 Books  
Contact : +91-135-2533126 (Library),+91-135-2533105 (Admin Office) , Email : doonlibrary@gmail.com

Powered by Koha